Laufey Lyrics - Tough Luck - Statistics

General Stats
  • This quiz has been taken 46 times
  • The average score is 262 of 285
Answer Stats
Lyrics % Correct
a
100%
and
100%
Are
100%
are
100%
be
100%
can
100%
I
100%
I’m
100%
is
100%
just
100%
Just
100%
luck
100%
luck,
100%
luck)
100%
My
100%
see
100%
so
100%
So
100%
that
100%
That
100%
The
100%
the
100%
time
100%
to
100%
Tough
100%
(Tough
100%
tough
100%
tough,
100%
Tough,
100%
up
100%
you
100%
You
100%
you-
100%
Your
100%
your
100%
you’re
100%
actress
96%
before
96%
boy,
96%
did
96%
had
96%
like
96%
me
96%
no
96%
of
96%
Of
96%
Should
96%
as
92%
demoralized,
92%
Does
92%
enough
92%
even
92%
fine
92%
for
92%
glad
92%
go
92%
it
92%
I’ve
92%
know
92%
know?
92%
know)
92%
misunderstood
92%
mother
92%
(Mother
92%
nearly
92%
Oops,
92%
said
92%
she
92%
think
92%
waiting
92%
black
88%
But
88%
can’t
88%
cat
88%
cheat
88%
congratulate
88%
doesn’t
88%
first,
88%
football
88%
lie
88%
mind
88%
missed,
88%
neighborhood
88%
not
88%
read
88%
tell
88%
till
88%
tired?
88%
tired
88%
won’t
88%
ego
84%
eyes
84%
frail
84%
I’ll
84%
make
84%
man
84%
quite
84%
screaming
84%
Since
84%
things
84%
beg
80%
break
80%
convincing
80%
Cussing
80%
feed
80%
out
80%
reading
80%
secrets
80%
silent
80%
smart
80%
spilling
80%
teams
80%
turn
80%
TV
80%
at
76%
gray
76%
I’d
76%
never
76%
opposing
76%
seem
76%
thee
76%
understand
76%
accent
72%
nobody
72%
tattoos
72%
dumb
68%
music
68%
we’re
68%
When
68%
better,
64%
truth
64%
tragic
60%
fuck
56%
that’s
56%
effaced
48%
hun
44%
loudmouthed
40%
proof
36%
says
32%
No matching quizzes found
Score Distribution
Percent of People with Each Score
Percentile by Number Answered
Your Score History
You have not taken this quiz